00331nam a2200109Ia 450000500170000000800410001710000180005824500930007626000170016930000110018665000240019720260328104252.0260328s9999||||xx |||||||||||||| ||und|| aCalvera, Anna 0aDe lo Bello de las Cosas :b Materiales para una estética del Diseño /cAnna Calvera bGustavo Gili a222 p. aDISEÑO INDUSTRIAL